<?xml version="1.0" encoding="UTF-8"?><collection xmlns="info:lc/xmlns/marcxchange-v2"><record format="Unimarc" type="bibliographic"><leader>00907cam  2200253   450 </leader><controlfield tag="001">1730877</controlfield><controlfield tag="003">http://id.bnportugal.gov.pt/bib/porbase/1730877</controlfield><controlfield tag="005">20030625191400.0</controlfield><datafield ind1=" " ind2=" " tag="010"><subfield code="a">0-521-47815-4</subfield><subfield code="b">Brochado</subfield><subfield code="d">6193$00</subfield></datafield><datafield ind1=" " ind2=" " tag="035"><subfield code="9">06964</subfield></datafield><datafield ind1=" " ind2=" " tag="095"><subfield code="a">PTBN01033557</subfield></datafield><datafield ind1=" " ind2=" " tag="100"><subfield code="a">19980330d1996    k  y0pory0103    ba</subfield></datafield><datafield ind1="0" ind2=" " tag="101"><subfield code="a">eng</subfield></datafield><datafield ind1=" " ind2=" " tag="102"><subfield code="a">US</subfield></datafield><datafield ind1="1" ind2=" " tag="200"><subfield code="a">Ecological census techniques</subfield><subfield code="e">a handbook</subfield></datafield><datafield ind1=" " ind2=" " tag="210"><subfield code="a">Cambridge</subfield><subfield code="c">Cambridge University Press</subfield><subfield code="d">1996</subfield></datafield><datafield ind1=" " ind2=" " tag="215"><subfield code="a">XV, 336 p.</subfield></datafield><datafield ind1=" " ind2=" " tag="675"><subfield code="a">574.34</subfield><subfield code="v">med</subfield><subfield code="z">por</subfield><subfield code="3">1398559</subfield></datafield><datafield ind1=" " ind2="1" tag="702"><subfield code="a">Sutherland</subfield><subfield code="b">William J.</subfield><subfield code="4">340</subfield><subfield code="3">1398558</subfield></datafield><datafield ind1=" " ind2="0" tag="801"><subfield code="a">PT</subfield><subfield code="b">BN</subfield><subfield code="g">RPC</subfield></datafield><datafield ind1=" " ind2=" " tag="977"><subfield code="1">574.34 ECO 1</subfield><subfield code="2">coop</subfield><subfield code="4">UASD</subfield><subfield code="6">mq3302704</subfield><subfield code="7">bc</subfield><subfield code="8">coop</subfield><subfield code="9">UASD</subfield><subfield code="k">0</subfield></datafield><datafield ind1=" " ind2=" " tag="977"><subfield code="1">574.34 ECO 2</subfield><subfield code="2">coop</subfield><subfield code="4">UASD</subfield><subfield code="6">mq3302705</subfield><subfield code="7">bc</subfield><subfield code="8">coop</subfield><subfield code="9">UASD</subfield><subfield code="k">0</subfield></datafield><datafield ind1=" " ind2=" " tag="977"><subfield code="1">QH 541.15. S95.E26 1996</subfield><subfield code="2">coop</subfield><subfield code="4">UCMLZ</subfield><subfield code="6">mq3110701</subfield><subfield code="7">bc</subfield><subfield code="8">coop</subfield><subfield code="9">UCMLZ</subfield><subfield code="k">0</subfield></datafield><datafield ind1=" " ind2=" " tag="977"><subfield code="1">LABOR 574.3 SUT e</subfield><subfield code="2">coop</subfield><subfield code="4">UEBIB</subfield><subfield code="6">mq2878317</subfield><subfield code="7">bc</subfield><subfield code="8">coop</subfield><subfield code="9">UEBIB</subfield><subfield code="k">0</subfield></datafield><datafield ind1=" " ind2=" " tag="977"><subfield code="1">VERNEY 574.3 SUT e</subfield><subfield code="2">coop</subfield><subfield code="4">UEBIB</subfield><subfield code="6">mq2878316</subfield><subfield code="7">bc</subfield><subfield code="8">coop</subfield><subfield code="9">UEBIB</subfield><subfield code="k">0</subfield></datafield><datafield ind1=" " ind2=" " tag="998"><subfield code="a">ASD28-3316</subfield></datafield></record></collection>